<?xml version="1.0" encoding="UTF-8"?>
<record
    xmlns:xsi="http://www.w3.org/2001/XMLSchema-instance"
    xsi:schemaLocation="http://www.loc.gov/MARC21/slim http://www.loc.gov/standards/marcxml/schema/MARC21slim.xsd"
    xmlns="http://www.loc.gov/MARC21/slim">

  <leader>00637nam a22001337a 4500</leader>
  <datafield tag="040" ind1=" " ind2=" ">
    <subfield code="c">RUA</subfield>
  </datafield>
  <datafield tag="082" ind1=" " ind2=" ">
    <subfield code="a">AGR RUN 2017 B636 Or.1</subfield>
  </datafield>
  <datafield tag="100" ind1=" " ind2=" ">
    <subfield code="a">RUN RATHANA &#x179A;&#x17BB;&#x1793; &#x179A;&#x178F;&#x1793;&#x17B6;&#x200B;</subfield>
  </datafield>
  <datafield tag="245" ind1=" " ind2=" ">
    <subfield code="a">cultivation practice and arthropod in paddy field in takeo province &#x1794;&#x1785;&#x17C1;&#x17D2;&#x1785;&#x1780;&#x1791;&#x17C1;&#x179F;&#x178A;&#x17B6;&#x17C6;&#x178A;&#x17BB;&#x17C7; &#x1793;&#x17B7;&#x1784; &#x179F;&#x1798;&#x17B6;&#x179F;&#x1797;&#x17B6;&#x1796;&#x179F;&#x178F;&#x17D2;&#x179C;&#x179B;&#x17D2;&#x17A2;&#x17B7;&#x178F;&#x179B;&#x17BE;&#x178A;&#x17C6;&#x178E;&#x17B6;&#x17C6;&#x179F;&#x17D2;&#x179A;&#x17BC;&#x179C;&#x1793;&#x17C5;&#x1780;&#x17D2;&#x1793;&#x17BB;&#x1784;&#x1781;&#x17C1;&#x178F;&#x17D2;&#x178F;&#x178F;&#x17B6;&#x1780;&#x17C2;&#x179C;</subfield>
  </datafield>
  <datafield tag="260" ind1=" " ind2=" ">
    <subfield code="a">RUA</subfield>
    <subfield code="b">Phnom penh</subfield>
    <subfield code="c">2017</subfield>
  </datafield>
  <datafield tag="300" ind1=" " ind2=" ">
    <subfield code="a">xii;57p</subfield>
    <subfield code="b">ill;</subfield>
    <subfield code="c">29cm</subfield>
  </datafield>
  <datafield tag="856" ind1=" " ind2=" ">
    <subfield code="u">https://drive.google.com/file/d/1iVYk5v7ptxsyVcEDcBzMN0Fu2-SSYlKC/view?usp=sharing</subfield>
  </datafield>
  <datafield tag="942" ind1=" " ind2=" ">
    <subfield code="c">AGR</subfield>
  </datafield>
  <datafield tag="999" ind1=" " ind2=" ">
    <subfield code="c">18000</subfield>
    <subfield code="d">18000</subfield>
  </datafield>
  <datafield tag="952" ind1=" " ind2=" ">
    <subfield code="0">0</subfield>
    <subfield code="1">0</subfield>
    <subfield code="2">ddc</subfield>
    <subfield code="4">0</subfield>
    <subfield code="6">AGR_RUN_2017_000000000000000_B636_OR_1</subfield>
    <subfield code="7">0</subfield>
    <subfield code="9">79655</subfield>
    <subfield code="a">LBB</subfield>
    <subfield code="b">LBB</subfield>
    <subfield code="c">B636</subfield>
    <subfield code="d">2019-07-17</subfield>
    <subfield code="l">3</subfield>
    <subfield code="o">AGR RUN 2017 B636 Or.1</subfield>
    <subfield code="p">A44447</subfield>
    <subfield code="r">2025-07-22</subfield>
    <subfield code="s">2025-07-05</subfield>
    <subfield code="w">2019-07-17</subfield>
    <subfield code="y">AGR</subfield>
  </datafield>
  <datafield tag="952" ind1=" " ind2=" ">
    <subfield code="0">0</subfield>
    <subfield code="1">0</subfield>
    <subfield code="2">ddc</subfield>
    <subfield code="4">0</subfield>
    <subfield code="6">AGR_RUN_2017_000000000000000_B636_OR_2</subfield>
    <subfield code="7">0</subfield>
    <subfield code="9">79656</subfield>
    <subfield code="a">LBB</subfield>
    <subfield code="b">LBB</subfield>
    <subfield code="c">B636</subfield>
    <subfield code="d">2019-07-17</subfield>
    <subfield code="l">2</subfield>
    <subfield code="o">AGR RUN 2017 B636 Or.2</subfield>
    <subfield code="p">A44762</subfield>
    <subfield code="r">2026-03-23</subfield>
    <subfield code="s">2026-02-09</subfield>
    <subfield code="w">2019-07-17</subfield>
    <subfield code="y">AGR</subfield>
  </datafield>
  <datafield tag="952" ind1=" " ind2=" ">
    <subfield code="0">0</subfield>
    <subfield code="1">0</subfield>
    <subfield code="2">ddc</subfield>
    <subfield code="4">0</subfield>
    <subfield code="6">AGR_RUN_2017_000000000000000_B636_OR_3</subfield>
    <subfield code="7">0</subfield>
    <subfield code="9">79657</subfield>
    <subfield code="a">LBB</subfield>
    <subfield code="b">LBB</subfield>
    <subfield code="c">B636</subfield>
    <subfield code="d">2019-07-17</subfield>
    <subfield code="l">2</subfield>
    <subfield code="o">AGR RUN 2017 B636 Or.3</subfield>
    <subfield code="p">A44563</subfield>
    <subfield code="r">2025-02-08</subfield>
    <subfield code="s">2025-01-04</subfield>
    <subfield code="w">2019-07-17</subfield>
    <subfield code="y">AGR</subfield>
  </datafield>
  <datafield tag="952" ind1=" " ind2=" ">
    <subfield code="0">0</subfield>
    <subfield code="1">0</subfield>
    <subfield code="2">ddc</subfield>
    <subfield code="4">0</subfield>
    <subfield code="6">AGR_RUN_2017_000000000000000_B636_OR_4</subfield>
    <subfield code="7">0</subfield>
    <subfield code="9">79658</subfield>
    <subfield code="a">LBB</subfield>
    <subfield code="b">LBB</subfield>
    <subfield code="c">B636</subfield>
    <subfield code="d">2019-07-17</subfield>
    <subfield code="l">6</subfield>
    <subfield code="o">AGR RUN 2017 B636 Or.4</subfield>
    <subfield code="p">A44638</subfield>
    <subfield code="r">2025-11-12</subfield>
    <subfield code="s">2025-08-11</subfield>
    <subfield code="w">2019-07-17</subfield>
    <subfield code="y">AGR</subfield>
  </datafield>
  <datafield tag="952" ind1=" " ind2=" ">
    <subfield code="0">0</subfield>
    <subfield code="1">0</subfield>
    <subfield code="2">ddc</subfield>
    <subfield code="4">0</subfield>
    <subfield code="6">AGR_RUN_2017_000000000000000_B636_OR_5</subfield>
    <subfield code="7">0</subfield>
    <subfield code="9">79659</subfield>
    <subfield code="a">LBB</subfield>
    <subfield code="b">LBB</subfield>
    <subfield code="c">B636</subfield>
    <subfield code="d">2019-07-17</subfield>
    <subfield code="l">2</subfield>
    <subfield code="o">AGR RUN 2017 B636 Or.5</subfield>
    <subfield code="p">A45143</subfield>
    <subfield code="r">2024-12-19</subfield>
    <subfield code="s">2024-12-13</subfield>
    <subfield code="w">2019-07-17</subfield>
    <subfield code="y">AGR</subfield>
  </datafield>
  <datafield tag="952" ind1=" " ind2=" ">
    <subfield code="0">0</subfield>
    <subfield code="1">0</subfield>
    <subfield code="2">ddc</subfield>
    <subfield code="4">0</subfield>
    <subfield code="6">AGR_RUN_2017_000000000000000_B636_OR_6</subfield>
    <subfield code="7">0</subfield>
    <subfield code="9">79660</subfield>
    <subfield code="a">LBB</subfield>
    <subfield code="b">LBB</subfield>
    <subfield code="c">B636</subfield>
    <subfield code="d">2019-07-17</subfield>
    <subfield code="l">3</subfield>
    <subfield code="o">AGR RUN 2017 B636 Or.6</subfield>
    <subfield code="p">A44848</subfield>
    <subfield code="r">2025-07-21</subfield>
    <subfield code="s">2025-07-07</subfield>
    <subfield code="w">2019-07-17</subfield>
    <subfield code="y">AGR</subfield>
  </datafield>
</record>
